000 02630nam0a2200481 4500
001 RU\NLR\bibl\1399887
005 20260406023632.0
010 _a978-5-9940-0145-5
021 _aRU
_b2009-45798
_92785
035 _a(NLR Aleph) 001391898
090 _a1167526
_c1167526
100 _a20090529d2009 |||y0rusy50 ca
101 0 _arus
102 _aRU
105 _ay |||||||||
200 1 _aВозвращение научного наследия: социально-экономическая мысль русского зарубежья
_e[научный доклад]
_fТамара Евгеньевна Кузнецова, Лев Васильевич Никифоров, Александр Михайлович Никулин [и др.]
210 _aМосква
_cИнститут экономики
_d2009
215 _a50, [1] с.
_d25
225 1 _aНаучные доклады Института экономики РАН
320 _aБиблиогр. в подстроч. примеч.
600 1 _aБилимович
_bА.Д.
_f1876 - 1963
_gАлександр Дмитриевич
_xЭкономические взгляды
_92081330
_3RU\NLR\auth\661257308
600 1 _aМаслов
_bС.С.
_f1887 - 1945
_gСергей Семенович
_xЭкономические взгляды
_92583605
_3RU\NLR\auth\661527189
600 1 _aТимашев
_bН.С.
_f1886 - 1970
_gНиколай Сергеевич
_92288269
_3RU\NLR\auth\661370574
610 0 _aрусское зарубежье - экономическая мысль
610 0 _aкооперация
610 0 _aколхозы
610 0 _aТрудовая Крестьянская партия
610 0 _aобщественные науки - методология
686 _aУ02(2)53-168.8Билимович А. Д.,0
_2rubbk
686 _aУ02(2)7-198Маслов С.С.,0
_2rubbk
686 _aУ02(2)7-198Тимашев Н.С.,0
_2rubbk
686 _aУ02(2)53-168
686 _aУ02(2)53
686 _aС51(2)6
701 1 _4070
_7ca
_8rus
_aКузнецова
_bТ. Е.
_cд-р экон. наук
_gТамара Евгеньевна
_918427
_3RU\NLR\auth\7735430
701 1 _4070
_7ca
_8rus
_aНикифоров
_bЛ. В.
_cд-р экон. наук
_gЛев Васильевич
_916403
_3RU\NLR\auth\7733395
701 1 _4070
_7ca
_8rus
_aНикулин
_bА. М.
_cканд. экон. наук
_gАлександр Михайлович
_9108113
_3RU\NLR\auth\77125188
801 0 _aRU
_bРКП
_c20090529
_grcr
801 1 _aRU
_bРГБ
_c20090529
801 2 _aRU
_bNLR
_c20090811
_grcr
942 _cBOOK
980 _aNB